Přeshraniční platební styk po vstupu do Evropské unie

So vstupom ČR do Európskej únie dňom 1. mája 2004 nadobudli účinnosť ustanovenia zákona o platobnom styku týkajúce sa cezhraničných prevodov. Skúsenosti s tuzemskými prevodmi. Cezhraničné prevody po 1. máji 2004. Nariadenie 2560/200/ES o cezhraničných platbách v eurách. Inštitút finančného arbitra o...

Descripción completa

Guardado en:
Detalles Bibliográficos
Autor principal: Žlebková, Michaela
Formato: Capítulo de libro
Lenguaje:checo
Materias:
Etiquetas: Agregar Etiqueta
Sin Etiquetas, Sea el primero en etiquetar este registro!

MARC

LEADER 00000naa$a2200000$$$4500
001 0010741
005 20231010083037.8
041 0 |a cze 
044 |a CZ 
245 1 0 |a Přeshraniční platební styk po vstupu do Evropské unie  |c aut. Michaela Žlebková 
520 |a So vstupom ČR do Európskej únie dňom 1. mája 2004 nadobudli účinnosť ustanovenia zákona o platobnom styku týkajúce sa cezhraničných prevodov. Skúsenosti s tuzemskými prevodmi. Cezhraničné prevody po 1. máji 2004. Nariadenie 2560/200/ES o cezhraničných platbách v eurách. Inštitút finančného arbitra o platobnom styku o cezhraničných prevodoch. 
610 2 0 |a styk platobný 
610 2 0 |a styk platobný medzinárodný 
610 2 0 |a Česko 
610 2 0 |a Európska únia 
610 2 0 |a prevod bankový 
610 2 0 |a euro 
610 2 0 |a smernice 
610 2 0 |a máj 
610 2 0 |a 2004 
100 1 |a Žlebková, Michaela